Szczegóły MARC21

The creation of the ius commune : from casus to regula /

005 -DATA I CZAS OSTATNIEJ MODYFIKACJI [,]
    • @
    • pole kontrolne
    • 20140529085445.0
020 -Międzynarod. znormalizowany nr książki - ISBN [ , ]
    • a
    • Numer ISBN
    • 9780748638970 Find
040 -Instytucja sporządzająca opis [ , ]
    • c
    • Instytucja, która sporządziła rekord (NP)
    • SZCZ U/DL
    • d
    • Instytucja, która zmodyfikowała rekord (P)
    • SZCZ U/DL
    • a
    • Instytucja, która sporządziła opis (NP)
    • SZCZ U/JŚ
041 -Język dokumentu [0, ]
    • a
    • Język tekstu (P)
    • angielski
044 -Kraj miejsca wydania [ , ]
    • a
    • Kraj miejsca wydania
    • Wielka Brytania
942 -Rodzaj dokumentu [ , ]
    • c
    • Rodzaj dokumentu
    • Książka
245 -Strefa tytułu i oznaczenia odpowiedzialności [0,4]
    • a
    • Tytuł
    • The creation of the ius commune : Find
    • b
    • Ciąg dalszy tytułu (NP)
    • from casus to regula / Find
    • c
    • Pozostałe elementy strefy tytułu i oznaczenia odpowiedzialności (NP)
    • ed. by John W Cairns, Paul J du Plessis.
260 -Strefa adresu wydawniczego [ , ]
    • a
    • Miejsce wydania (P)
    • Edinburgh :
    • b
    • Nazwa wydawcy (P)
    • Edinburgh University Press,
    • c
    • Data wydania (P)
    • 2013.
300 -Strefa opisu fizycznego [ , ]
    • a
    • Określenie formy książki i/lub objętość (NP)
    • XIII, 304 s. ;
    • c
    • Format (NP)
    • 24 cm.
490 -Strefa serii i książki wielotomowej - forma nie do wyszukiwania [1, ]
    • a
    • Tytuł (P)
    • Edinburgh Studies in Law ; Find
    • v
    • Numeracja (P)
    • vol. 7
830 -Hasło dodatkowe serii i opisu książki wielotomowej - tytuł ujednolicony/tytuł [ ,0]
    • 9
    • KHW
    • 71155
    • a
    • Tytuł ujednolicony/tytuł (NP)
    • Edinburgh Studies in Law
    • v
    • Oznaczenie tomu (NP)
    • vol. 7
    • x
    • ISSN
    • 1759-300X
500 -Uwaga ogólna [ , ]
    • a
    • Uwaga ogólna (NP)
    • Transferred to digital print.
500 -Uwaga ogólna [ , ]
    • a
    • Uwaga ogólna (NP)
    • The conference out of which this volume has grown was entitled: From Casus to Regula : the Creation of the Ius Commune.
504 -Uwaga dot. bibliogr. załącznikowej [ , ]
    • a
    • Uwaga dot. bibliografii załącznikowej
    • Indeks.
080 -Uniwersalna Klasyfikacja Dziesiętna [ , ]
    • 2
    • Identyfikator wydania tablic
    • UDC-P058
    • 9
    • UKD
    • 3348
    • a
    • Symbol klasyfikacji
    • 340.1
    • b
    • Dopowiedzenie
    • Rodzaje i formy prawa. Teoria prawa. Praworządność. Prawoznawstwo.
    • 4
    • UKD2
    • 7644
    • x
    • Poddział wspólny
    • =111
    • c
    • Dopowiedzenie poddz. wspólnego
    • =Język angielski.
    • 4
    • UKD2
    • 7641
    • x
    • Poddział wspólny
    • (061)
    • c
    • Dopowiedzenie poddz. wspólnego
    • (Wydawnictwa odnoszące się do konferencji, zjazdów itd. Sprawozdania z konferencji).
080 -Uniwersalna Klasyfikacja Dziesiętna [ , ]
    • 2
    • Identyfikator wydania tablic
    • UDC-P058
    • 9
    • UKD
    • 3354
    • a
    • Symbol klasyfikacji
    • 340.15
    • b
    • Dopowiedzenie
    • Historyczne formy i systemy prawne. Prawo salickie.
    • 4
    • UKD2
    • 7644
    • x
    • Poddział wspólny
    • =111
    • c
    • Dopowiedzenie poddz. wspólnego
    • =Język angielski.
    • 4
    • UKD2
    • 7641
    • x
    • Poddział wspólny
    • (061)
    • c
    • Dopowiedzenie poddz. wspólnego
    • (Wydawnictwa odnoszące się do konferencji, zjazdów itd. Sprawozdania z konferencji).
980 -Symbol UKD [ , ]
    • a
    • UKD
    • 340.15:340.1](061)=111
700 -Hasło dodatkowe - nazwa osobowa [1, ]
    • 9
    • KHW
    • 71152
    • a
    • Nazwa osobowa (NP)
    • Cairns, John W. Find
    • e
    • Określenie rodzaju współpracy
    • Red.
700 -Hasło dodatkowe - nazwa osobowa [1, ]
    • 9
    • KHW
    • 71154
    • a
    • Nazwa osobowa (NP)
    • Plessis, Paul J. du. Find
    • e
    • Określenie rodzaju współpracy
    • Red.
710 -Hasło dodatkowe - nazwa ciała zbiorowego [2, ]
    • 4
    • Kod relacji
    • pbl
    • 9
    • KHW
    • 71156
    • a
    • Nazwa ciała zbiorowego lub nazwa geograficzna jako pierwszy element (NP)
    • Edinburgh University Press.
920 -ISBN [ , ]
    • a
    • ISBN
    • 978-0-7486-3897-0 (hardback) Find
Status udost. Numer inwentarzowy Sygnatura Data inwentaryzacji Lokalizacja
-2T.15726T.157262014-04-03T